<?xml version="1.0" encoding="UTF-8"?>
<record
    xmlns:xsi="http://www.w3.org/2001/XMLSchema-instance"
    xsi:schemaLocation="http://www.loc.gov/MARC21/slim http://www.loc.gov/standards/marcxml/schema/MARC21slim.xsd"
    xmlns="http://www.loc.gov/MARC21/slim">

  <leader>00588nam a22001931a 4500</leader>
  <controlfield tag="003">OSt</controlfield>
  <controlfield tag="005">20240226120355.0</controlfield>
  <controlfield tag="008">180216t2013    pk     | |||| 000 d urd d</controlfield>
  <datafield tag="020" ind1=" " ind2=" ">
    <subfield code="a">9789693510775</subfield>
  </datafield>
  <datafield tag="040" ind1=" " ind2=" ">
    <subfield code="c">0</subfield>
  </datafield>
  <datafield tag="082" ind1=" " ind2=" ">
    <subfield code="a">891.4393</subfield>
    <subfield code="b">BAN 2013</subfield>
  </datafield>
  <datafield tag="245" ind1="1" ind2="0">
    <subfield code="a">&#x67E;&#x6CC;&#x651;&#x627; &#x646;&#x627;&#x645; &#x6A9;&#x627; &#x62F;&#x6CC;&#x627; </subfield>
    <subfield code="c">Bano Qudsia</subfield>
  </datafield>
  <datafield tag="246" ind1=" " ind2=" ">
    <subfield code="a">Piya Naam Ka Diya</subfield>
  </datafield>
  <datafield tag="260" ind1=" " ind2=" ">
    <subfield code="a">Lahore:</subfield>
    <subfield code="b">Sang e Meel Pub;</subfield>
    <subfield code="c">2013.</subfield>
  </datafield>
  <datafield tag="300" ind1=" " ind2=" ">
    <subfield code="a">391 p.</subfield>
  </datafield>
  <datafield tag="650" ind1=" " ind2=" ">
    <subfield code="a">Urdu literature</subfield>
    <subfield code="v">Drama</subfield>
    <subfield code="9">676</subfield>
  </datafield>
  <datafield tag="942" ind1=" " ind2=" ">
    <subfield code="2">ddc</subfield>
    <subfield code="c">BK</subfield>
    <subfield code="a">SADA</subfield>
    <subfield code="k">891.4393 BAN 2013</subfield>
  </datafield>
  <datafield tag="999" ind1=" " ind2=" ">
    <subfield code="c">608160</subfield>
    <subfield code="d">608160</subfield>
  </datafield>
  <datafield tag="952" ind1=" " ind2=" ">
    <subfield code="0">0</subfield>
    <subfield code="1">0</subfield>
    <subfield code="2">ddc</subfield>
    <subfield code="4">0</subfield>
    <subfield code="7">0</subfield>
    <subfield code="a">SADA</subfield>
    <subfield code="b">SADA</subfield>
    <subfield code="d">2018-02-09</subfield>
    <subfield code="e">Donation</subfield>
    <subfield code="l">0</subfield>
    <subfield code="o">891.4393 BAN 2013</subfield>
    <subfield code="p">SADAD0000263</subfield>
    <subfield code="r">2024-02-26</subfield>
    <subfield code="v">556.50</subfield>
    <subfield code="w">2024-02-26</subfield>
    <subfield code="y">BK</subfield>
  </datafield>
</record>
